Electronic devices and circuits : vol-1 (Record no. 626)

MARC details
000 -LEADER
Fixed length control field 00492nam a2200193 4500
003 - CONTROL NUMBER IDENTIFIER
Control field SEACOMEC
005 - DATE AND TIME OF LATEST TRANSACTION
Control field 20240817134903.0
008 - FIXED-LENGTH DATA ELEMENTS--GENERAL INFORMATION
Fixed length control field 240212b |||||||| |||| 00| 0 eng d
020 ## - INTERNATIONAL STANDARD BOOK NUMBER / ISBN
Price Rs.200.00
040 ## - CATALOGING SOURCE
Original cataloging agency SEACOMEC
082 ## - DEWEY DECIMAL CLASSIFICATION NUMBER
Classification number 621.3815
Book Number S245
100 ## - MAIN ENTRY--PERSONAL NAME
Personal name Sarkar,S.C.
245 1# - TITLE STATEMENT
Title Electronic devices and circuits : vol-1
Statement of responsibility S.C. Sarkar
250 ## - EDITION STATEMENT
Edition statement 14th rev.ed.
260 ## - IMPRINT
Place of publication Pune
Name of publisher Everest
Date of publication 2003
300 ## - PHYSICAL DESCRIPTION
Page / Vol. No vol- 1
650 ## - SUBJECT ADDED ENTRY--TOPICAL TERM
Topical term Technology,Components and circuit
942 ## - ADDED ENTRY ELEMENTS (KOHA)
Koha item type Books
Holdings
Withdrawn status Lost status Source of classification Damaged status Not for loan Home library Current library Date acquired Total Checkouts Call number Accession number Date last seen Price effective from Koha item type Copy number Price
    Dewey Decimal Classification     SEACOM ENGINEERING COLLEGE SEACOM ENGINEERING COLLEGE 07/06/2006   621.3815 S245 02407 17/08/2024 17/08/2024 Books    
    Dewey Decimal Classification     SEACOM ENGINEERING COLLEGE SEACOM ENGINEERING COLLEGE 07/06/2006   621.3815 S245 02408 17/08/2024 17/08/2024 Books 1  
    Dewey Decimal Classification     SEACOM ENGINEERING COLLEGE SEACOM ENGINEERING COLLEGE 07/06/2006   621.3815 S245 02409 17/08/2024 17/08/2024 Books 2  
    Dewey Decimal Classification     SEACOM ENGINEERING COLLEGE SEACOM ENGINEERING COLLEGE 07/06/2006   621.3815 S245 02410 17/08/2024 17/08/2024 Books 3  
    Dewey Decimal Classification     SEACOM ENGINEERING COLLEGE SEACOM ENGINEERING COLLEGE 07/06/2006   621.3815 S245 02411 17/08/2024 17/08/2024 Books 4  
    Dewey Decimal Classification     SEACOM ENGINEERING COLLEGE SEACOM ENGINEERING COLLEGE 24/07/2007   621.3815 S245 7700 17/08/2024 17/08/2024 Books 5 170.00
    Dewey Decimal Classification     SEACOM ENGINEERING COLLEGE SEACOM ENGINEERING COLLEGE 24/07/2007   621.3815 S245 7701 17/08/2024 17/08/2024 Books 6 170.00
    Dewey Decimal Classification     SEACOM ENGINEERING COLLEGE SEACOM ENGINEERING COLLEGE 24/07/2007   621.3815 S245 7702 17/08/2024 17/08/2024 Books 7 170.00
    Dewey Decimal Classification     SEACOM ENGINEERING COLLEGE SEACOM ENGINEERING COLLEGE 24/07/2007   621.3815 S245 7703 17/08/2024 17/08/2024 Books 8 170.00
    Dewey Decimal Classification     SEACOM ENGINEERING COLLEGE SEACOM ENGINEERING COLLEGE 24/07/2007   621.3815 S245 7704 17/08/2024 17/08/2024 Books 9 170.00
    Dewey Decimal Classification     SEACOM ENGINEERING COLLEGE SEACOM ENGINEERING COLLEGE 24/07/2007   621.3815 S245 7705 17/08/2024 17/08/2024 Books 10 170.00
    Dewey Decimal Classification     SEACOM ENGINEERING COLLEGE SEACOM ENGINEERING COLLEGE 24/07/2007   621.3815 S245 7706 17/08/2024 17/08/2024 Books 11 170.00
    Dewey Decimal Classification     SEACOM ENGINEERING COLLEGE SEACOM ENGINEERING COLLEGE 24/07/2007   621.3815 S245 7707 17/08/2024 17/08/2024 Books 12 170.00
    Dewey Decimal Classification     SEACOM ENGINEERING COLLEGE SEACOM ENGINEERING COLLEGE 24/07/2007   621.3815 S245 7708 17/08/2024 17/08/2024 Books 13 170.00
    Dewey Decimal Classification     SEACOM ENGINEERING COLLEGE SEACOM ENGINEERING COLLEGE 24/07/2007   621.3815 S245 7709 17/08/2024 17/08/2024 Books 14 170.00
© Seacom Engineering College, All rights reserved.      Powered by Koha